000 00557cam a22002171 4500
001 sa 63000744
003 DLC
005 20260227111923.0
008 890426s1962 ii 000 0 hino
010 _asa 63000744
035 _a(OCoLC)19609243
040 _aDLC
_cWaU
_dDLC
042 _apremarc
050 0 0 _aPK2098.S5355
_bZ85
100 1 _aRāya, Jayacandra.
245 1 0 _aĀcārya Rāmacandra Śukla aura unakā sāhitya.
260 _c[1962]
300 _a225 p.
_c19 cm.
500 _aIn Hindi.
600 1 0 _aShukla, Ram Chandra,
_d1884-1941.
999 _c53603
_d53603